| 000 | 00414nam a22001577a 4500 | ||
|---|---|---|---|
| 003 | OSt | ||
| 005 | 20220916170232.0 | ||
| 008 | 220916b |||||||| |||| 00| 0 eng d | ||
| 040 | _cBiblioteca Lado V | ||
| 082 |
_a700.108 _bAN635d |
||
| 110 | _aAntonisocias | ||
| 245 | _aDesierto/ | ||
| 260 |
_aMallorca _bRabomade _c2006 |
||
| 300 |
_a29p. _c21x21cm |
||
| 942 |
_2ddc _c1 _h700.108 _iAN635d _n0 |
||
| 999 |
_c2063 _d2063 |
||